Plane Close-Ups: WWII - Statistics

General Stats
  • This quiz has been taken 144 times
    128 since last reset
  • The average score is 10 of 14
Answer Stats
Picture Answer % Correct
A6M Zero
87%
Supermarine Spitfire
86%
Vought F4U Corsair
83%
Messerchmitt Me 262
81%
Messerschmitt Bf-109
78%
Avro Lancaster
74%
F-82 Mustang
70%
PBY Catalina
69%
P-51D Mustang
68%
B-25 Mitchell
66%
DH Mosquito
63%
P-40 Warhawk
62%
P-38 Lightning
59%
T-6 Texan
28%
No matching quizzes found
Score Distribution
Percent of People with Each Score
Percentile by Number Answered
Your Score History
You have not taken this quiz since the last reset